000 00777nam a2200205Ii 4500
003 JO-AjNU
008 230605s9999||||xx |||||||||||||| ||und||
040 _aJO-AjNU
_bara
_erda
_cJO-AjNU
041 _aara
050 1 4 _aDT96.A2864 1995
100 3 _aتاليف أبو عليان، عزمي عبد محمد,
_eauthor
_920025
245 0 0 _aمسيرة الجهاد الإسلامي ضد الصليبيين في عهد المماليك 648-922ه/1250-1517م
250 _aط1
264 3 1 _aعمان: دار النفائس للنشر والتوزيع، 1995
300 _a206ص
336 _atext
_btxt
_2rdacontent
337 _aunmediated
_bn
_2rdamedia
338 _avolume
_bnc
_2rdacarrier
650 4 _aالمماليك-تاريخ، الحروب الصليبيية
_920026
999 _aA6715
_c10283
_d10283